|
|
|
|
| LEADER |
02115nam a22003613i 4500 |
| 001 |
EBC6637639 |
| 003 |
MiAaPQ |
| 005 |
20231204023217.0 |
| 006 |
m o d | |
| 007 |
cr cnu|||||||| |
| 008 |
231204s2020 xx o ||||0 eng d |
| 020 |
|
|
|a 9783110691375
|q (electronic bk.)
|
| 035 |
|
|
|a (MiAaPQ)EBC6637639
|
| 035 |
|
|
|a (Au-PeEL)EBL6637639
|
| 035 |
|
|
|a (OCoLC)1163878244
|
| 040 |
|
|
|a MiAaPQ
|b eng
|e rda
|e pn
|c MiAaPQ
|d MiAaPQ
|
| 082 |
0 |
|
|a 820.9355
|
| 100 |
1 |
|
|a Berensmeyer, Ingo.
|
| 245 |
1 |
0 |
|a Literary Culture in Early Modern England, 1630-1700 :
|b Angles of Contingency.
|
| 250 |
|
|
|a 1st ed.
|
| 264 |
|
1 |
|a Berlin/Boston :
|b Walter de Gruyter GmbH,
|c 2020.
|
| 264 |
|
4 |
|c Ã2020.
|
| 300 |
|
|
|a 1 online resource (294 pages)
|
| 336 |
|
|
|a text
|b txt
|2 rdacontent
|
| 337 |
|
|
|a computer
|b c
|2 rdamedia
|
| 338 |
|
|
|a online resource
|b cr
|2 rdacarrier
|
| 505 |
0 |
|
|a Intro -- Preface to the Revised Edition -- Contents -- List of Figures -- List of Abbreviations -- "Seeking the Noise in the Depth of Silence": A Naval Prelude with Spectators, 1665 -- 1. Historicising Literary Culture: Communication, Contingency, Contexture -- 2. Literary Cabinets of Wonder: The 'Paper Kingdomes' of Robert Burton and Sir Thomas Browne -- 3. Writing, Reading, Seeing: Visuality and Contingency in the Literary Epistemology of Neoclassicism -- 4. Literature as Civil War -- 5. Private Selves and Public Lives: Neoclassical Perspectives -- The Augustan Angle: Civilised Contingency and Normative Discourse -- Bibliography -- Index.
|
| 588 |
|
|
|a Description based on publisher supplied metadata and other sources.
|
| 590 |
|
|
|a Electronic reproduction. Ann Arbor, Michigan : ProQuest Ebook Central, 2023. Available via World Wide Web. Access may be limited to ProQuest Ebook Central affiliated libraries.
|
| 655 |
|
4 |
|a Electronic books.
|
| 776 |
0 |
8 |
|i Print version:
|a Berensmeyer, Ingo
|t Literary Culture in Early Modern England, 1630-1700
|d Berlin/Boston : Walter de Gruyter GmbH,c2020
|
| 797 |
2 |
|
|a ProQuest (Firm)
|
| 856 |
4 |
0 |
|u https://ebookcentral.proquest.com/lib/matrademy/detail.action?docID=6637639
|z Click to View
|